00672nam a2200229Ia 4500003000900000008004100009040001300050040001300063041000800076100001800084245001900102250002300121260002100144260000900165300001100174300001000185490002700195490000600222942000700228999001700235952019000252IT-RoPAU120407s9999 xx 000 0 und d aIT-RoPAU cIT-RoPAU aita aAlaiz Atilano aVivere la vita aCinisello Balsamo  aEdizioni Paoline c1993 a153 p. c20 cm aFelici di vivere, 23 v1 cBK c26149d26149 00102ddc406257_300000000000000_7471aPAULUSbPAULUSd2012-04-11l0o257.3.74r2012-04-11 00:00:00w2012-04-11yBKzInserito da: Anna In data: n.d. fondo: Via A.Severo 56 Progr:37223